[Event "Pardubice Czech op-A 23rd"]
[Site "Pardubice"]
[Date "2012.07.25"]
[Round "6"]
[White "Mueller, Tobias"]
[Black "Tjurin, Alexander P"]
[Result "0-1"]
[WhiteElo "2064"]
[BlackElo "2302"]
[PlyCount "86"]
[EventDate "2012.07.12"]
[EventType "swiss"]
[EventRounds "9"]
[EventCountry "CZE"]
[SourceTitle "CBM 149 Extra"]
[Source "ChessBase"]
[SourceDate "2012.08.24"]
[SourceVersion "1"]
[SourceVersionDate "2012.08.24"]
[SourceQuality "1"]

1. c4 e5 2. g3 Nf6 3. Bg2 d5 4. cxd5 Nxd5 5. Nc3 Nb6 6. Nf3 Nc6 7. d3 Be7 8. 0-0 0-0 9. a3 Re8 10. b4 a5 11. b5 Nd4 12. Bb2 Bf8 13. Re1 a4 14. Nd2 c6 15. bxc6 Nxc6 16. Rc1 Be6 17. Nce4 Bd5 18. Nc4 Nd4 19. Bxd4 exd4 20. Nxb6 Bb3 21. Qd2 Qxb6 22. Qb2 Ra5 23. Nd2 Rb5 24. Qa1 Bd5 25. Nc4 Qf6 26. Rb1 Rxb1 27. Qxb1 Bxg2 28. Kxg2 Qc6+ 29. Kg1 b5 30. Nd2 Bxa3 31. Nf3 Qd5 32. Qc2 Bb4 33. Rb1 Bc3 34. e4 dxe3 35. Qxc3 Qxf3 36. fxe3 Qxe3+ 37. Kg2 h6 38. Rxb5 Qe2+ 39. Kh3 Qf1+ 40. Kg4 Re6 41. Qc8+ Kh7 42. Rf5 Qxd3 43. Rf4 a3 0-1

[Event "Pardubice op rap 23rd"]
[Site "Pardubice"]
[Date "2012.07.18"]
[Round "3"]
[White "Arutinian, David"]
[Black "Tjurin, Alexander P"]
[Result "1-0"]
[WhiteElo "2556"]
[BlackElo "2302"]
[PlyCount "52"]
[EventDate "2012.07.18"]
[EventType "swiss (rapid)"]
[EventRounds "9"]
[EventCountry "CZE"]
[SourceTitle "CBM 149 Extra"]
[Source "ChessBase"]
[SourceDate "2012.08.24"]
[SourceVersion "1"]
[SourceVersionDate "2012.08.24"]
[SourceQuality "1"]

1. c4 e5 2. e3 Nf6 3. a3 c6 4. d4 exd4 5. exd4 d5 6. Nc3 Be7 7. Bd3 0-0 8. Nge2 dxc4 9. Bxc4 Nbd7 10. Qc2 Nb6 11. Bd3 Be6 12. Bg5 h6 13. Bh4 Bc4 14. Bxc4 Nxc4 15. 0-0 Nb6 16. Bg3 Re8 17. Be5 Bd6 18. Qf5 Nbd5 19. Ng3 g6 20. Qh3 Bf8 21. f4 Qb6 22. Kh1 Rad8 23. f5 g5 24. Nge4 Nh7 25. f6 Re6 26. Qxe6 Ra8 1-0

[Event "Pardubice Czech op 22nd"]
[Site "Pardubice"]
[Date "2011.07.25"]
[Round "4"]
[White "Freeman, Gordon"]
[Black "Tjurin, Alexander P"]
[Result "1/2-1/2"]
[WhiteElo "2179"]
[BlackElo "2303"]
[PlyCount "70"]
[EventDate "2011.07.22"]
[EventType "swiss"]
[EventRounds "9"]
[EventCountry "CZE"]
[SourceTitle "CBM 143 Extra"]
[Source "ChessBase"]
[SourceDate "2011.08.29"]
[SourceVersion "1"]
[SourceVersionDate "2011.08.29"]
[SourceQuality "1"]

1. d4 Nf6 2. c4 e5 3. dxe5 Ng4 4. Nf3 Bc5 5. e3 Nc6 6. Nc3 0-0 7. Be2 Re8 8. 0-0 Ncxe5 9. Nxe5 Nxe5 10. b3 d6 11. Bb2 Bf5 12. Na4 Qe7 13. Nxc5 dxc5 14. Qd5 c6 15. Qxe5 Qxe5 16. Bxe5 Rxe5 17. Rfd1 Ree8 18. Rd2 Red8 19. Rad1 Rxd2 20. Rxd2 Kf8 21. h3 Ke7 22. Bg4 Bxg4 23. hxg4 a5 24. Kf1 a4 25. Ke2 b5 26. Kd3 axb3 27. axb3 Ra1 28. f4 h6 29. Kc3 Rc1+ 30. Kd3 g6 31. Ra2 Rd1+ 32. Ke4 Rc1 33. Kd3 Rb1 34. Kc2 Rg1 35. Kd3 Rd1+ 1/2-1/2

[Event "Pardubice Czech op 22nd"]
[Site "Pardubice"]
[Date "2011.07.22"]
[Round "1"]
[White "Tjurin, Alexander P"]
[Black "Kravtsiv, Martyn"]
[Result "1/2-1/2"]
[WhiteElo "2303"]
[BlackElo "2571"]
[PlyCount "54"]
[EventDate "2011.07.22"]
[EventType "swiss"]
[EventRounds "9"]
[EventCountry "CZE"]
[SourceTitle "CBM 143 Extra"]
[Source "ChessBase"]
[SourceDate "2011.08.29"]
[SourceVersion "1"]
[SourceVersionDate "2011.08.29"]
[SourceQuality "1"]

1. e4 e5 2. Nf3 Nc6 3. Bc4 Nf6 4. d3 Bc5 5. c3 0-0 6. 0-0 d5 7. exd5 Nxd5 8. Re1 Bg4 9. Nbd2 Bb6 10. h3 Bh5 11. Nf1 Re8 12. Ng3 Bg6 13. d4 e4 14. Nh2 Qd6 15. Ng4 Kh8 16. Ne3 Nde7 17. Qg4 Ng8 18. Nef5 Qd7 19. Bg5 Na5 20. Bf1 h5 21. Qf4 f6 22. Bh4 Bh7 23. Nxg7 Qxg7 24. Nxh5 Qf7 25. Bxf6+ Nxf6 26. Qxf6+ Qxf6 27. Nxf6 Re7 1/2-1/2

[Event "Alushta Summer6 IM"]
[Site "Alushta"]
[Date "2009.06.19"]
[Round "8"]
[White "Martynov, Pavel1111"]
[Black "Tjurin, Alexander P"]
[Result "1/2-1/2"]
[WhiteElo "1992"]
[BlackElo "2321"]
[PlyCount "60"]
[EventDate "2009.06.15"]
[EventType "tourn"]
[EventRounds "13"]
[EventCountry "UKR"]
[SourceTitle "EXT 2014"]
[Source "ChessBase"]
[SourceDate "2013.11.20"]
[SourceVersion "1"]
[SourceVersionDate "2013.11.20"]
[SourceQuality "1"]

1. e4 e5 2. Nf3 Nc6 3. Nc3 g6 4. d4 exd4 5. Nxd4 Bg7 6. Be3 d6 7. Qd2 Nf6 8. f3 0-0 9. 0-0-0 Re8 10. g4 a6 11. h4 Ne5 12. Be2 Be6 13. g5 Nh5 14. Nxe6 Rxe6 15. f4 Nc6 16. Bxh5 gxh5 17. f5 Bxc3 18. bxc3 Rxe4 19. g6 Qf6 20. gxf7+ Qxf7 21. Rhg1+ Rg4 22. Bd4 Nxd4 23. Qxd4 Qxf5 24. Qc4+ Qf7 25. Rxg4+ hxg4 26. Qxg4+ Kh8 27. Rg1 Rf8 28. Kb2 Qf6 29. Qc4 Qf7 30. Qg4 Qf6 1/2-1/2

[Event "Alushta Summer6 IM"]
[Site "Alushta"]
[Date "2009.06.19"]
[Round "7"]
[White "Tjurin, Alexander P"]
[Black "Ljubarov, Mark"]
[Result "0-1"]
[WhiteElo "2321"]
[BlackElo "2065"]
[PlyCount "118"]
[EventDate "2009.06.15"]
[EventType "tourn"]
[EventRounds "13"]
[EventCountry "UKR"]
[SourceTitle "EXT 2014"]
[Source "ChessBase"]
[SourceDate "2013.11.20"]
[SourceVersion "1"]
[SourceVersionDate "2013.11.20"]
[SourceQuality "1"]

1. e4 e5 2. Nf3 Nc6 3. Bc4 Nf6 4. d3 Be7 5. c3 0-0 6. 0-0 d6 7. Bb3 h6 8. Nbd2 Nh7 9. Re1 Bg4 10. h3 Bh5 11. g4 Bg6 12. Nf1 Ng5 13. Nxg5 Bxg5 14. Ng3 Bf4 15. Qf3 Qg5 16. Kg2 Bh7 17. Rh1 Bxc1 18. Raxc1 Qf4 19. Qe2 Ne7 20. Nh5 Ng6 21. h4 Nxh4+ 22. Rxh4 Qxc1 23. g5 Bg6 24. gxh6 Qg5+ 25. Kh3 gxh6 26. f4 Bxh5 27. Rxh5 Qg7 28. fxe5 dxe5 29. Rf5 Kh7 30. Qf3 f6 31. Rh5 Qd7+ 32. Kh2 Rae8 33. d4 f5 34. exf5 Qd6 35. Qg3 exd4 36. cxd4 Re2+ 37. Kh3 Qxg3+ 38. Kxg3 Rxb2 39. Kf4 Re2 40. Bc4 Re1 41. Rh2 c6 42. Bd3 Kg7 43. Rg2+ Kf7 44. Rg6 Rd8 45. Bc4+ Ke8 46. Rg8+ Kd7 47. Rg7+ Kc8 48. Be6+ Kb8 49. Bd7 Kc7 50. Be6+ Kb6 51. Bd7 Kb5 52. d5 Kc5 53. dxc6 bxc6 54. Rh7 a5 55. Rf7 a4 56. f6 a3 57. Re7 Ra1 58. Be6 Kd6 59. Bg4 Rf1+ 0-1

[Event "Alushta Summer6 IM"]
[Site "Alushta"]
[Date "2009.06.18"]
[Round "5"]
[White "Tjurin, Alexander P"]
[Black "Mammadov, Zaur Fazahir Oglu"]
[Result "1/2-1/2"]
[WhiteElo "2321"]
[BlackElo "2180"]
[PlyCount "36"]
[EventDate "2009.06.15"]
[EventType "tourn"]
[EventRounds "13"]
[EventCountry "UKR"]
[SourceTitle "EXT 2014"]
[Source "ChessBase"]
[SourceDate "2013.11.20"]
[SourceVersion "1"]
[SourceVersionDate "2013.11.20"]
[SourceQuality "1"]

1. e4 c6 2. d3 d5 3. Nd2 e5 4. Ngf3 Bd6 5. d4 exd4 6. exd5 cxd5 7. Nxd4 Nf6 8. Bb5+ Bd7 9. Qe2+ Qe7 10. Bxd7+ Kxd7 11. Qxe7+ Bxe7 12. 0-0 Re8 13. N2f3 Bc5 14. Nf5 Ng4 15. Ne3 Nxe3 16. Bxe3 Bxe3 17. fxe3 Nc6 18. Rad1 Rxe3 1/2-1/2

[Event "Alushta June-B"]
[Site "Alushta"]
[Date "2009.06.10"]
[Round "9"]
[White "Tjurin, Alexander P"]
[Black "Antipov, Mikhail Al"]
[Result "1-0"]
[WhiteElo "2321"]
[BlackElo "2208"]
[PlyCount "87"]
[EventDate "2009.06.02"]
[EventType "tourn"]
[EventRounds "11"]
[EventCountry "UKR"]
[SourceTitle "CBM 130 Extra"]
[Source "ChessBase"]
[SourceDate "2009.07.02"]
[SourceVersion "2"]
[SourceVersionDate "2009.07.15"]
[SourceQuality "1"]

1. e4 c5 2. Nf3 d6 3. d4 cxd4 4. Nxd4 Nf6 5. Nc3 a6 6. f4 e5 7. Nf3 Nbd7 8. Bd3 Be7 9. 0-0 Qc7 10. a4 b6 11. Qe1 Bb7 12. Kh1 Nc5 13. fxe5 dxe5 14. Bg5 h6 15. Bh4 0-0 16. Bg3 Nfd7 17. Nd4 g6 18. Qe2 Bd6 19. Nf3 Kg7 20. Rad1 Bc6 21. b3 Bb7 22. Bc4 Rad8 23. Nd5 Bxd5 24. Bxd5 a5 25. Bh4 f6 26. Bg3 Rfe8 27. Nh4 h5 28. Nf5+ gxf5 29. Qxh5 Nf8 30. exf5 Nh7 31. Bh4 Rf8 32. Rf3 e4 33. Rh3 Kh8 34. Qg6 Be5 35. g4 Qg7 36. g5 fxg5 37. Bxg5 Rd6 38. Qh5 Rxf5 39. Qe8+ Rf8 40. Rxh7+ Kxh7 41. Qh5+ Rh6 42. Bxh6 Qxh6 43. Qxe5 Qf4 44. Bg8+ 1-0

[Event "Khanty-Mansiysk Governor Cup"]
[Site "Khanty-Mansiysk"]
[Date "2008.10.21"]
[Round "7"]
[White "Tjurin, Alexander P"]
[Black "Pogromsky, Mikhail"]
[Result "1/2-1/2"]
[WhiteElo "2339"]
[BlackElo "2413"]
[PlyCount "80"]
[EventDate "2008.10.15"]
[EventType "swiss"]
[EventRounds "9"]
[EventCountry "RUS"]
[SourceTitle "EXT 2010"]
[Source "ChessBase"]
[SourceDate "2010.11.25"]
[SourceVersion "1"]
[SourceVersionDate "2010.11.25"]
[SourceQuality "1"]

1. e4 d5 2. exd5 Qxd5 3. Nc3 Qd6 4. d4 Nf6 5. Nb5 Qb6 6. a4 a6 7. Na3 Bf5 8. Nf3 Nbd7 9. Be2 c6 10. 0-0 Qc7 11. Nc4 h6 12. g3 Nd5 13. Ne3 Nxe3 14. Bxe3 e6 15. c3 a5 16. Bf4 Bd6 17. Bxd6 Qxd6 18. Nd2 0-0 19. Nc4 Qc7 20. Bd3 Bxd3 21. Qxd3 Rfd8 22. Ne3 Rab8 23. Rfd1 Nf6 24. Qe2 b5 25. axb5 cxb5 26. Qf3 a4 27. d5 Qb7 28. Rd4 Rd7 29. b3 axb3 30. Rb1 Nxd5 31. Nxd5 Rxd5 32. Rb4 Rc5 33. Qxb7 Rxb7 34. R4xb3 Rbc7 35. Rxb5 Rxb5 36. Rxb5 Rxc3 37. h4 Kh7 38. Kg2 Kg6 39. Ra5 Kf6 40. Rb5 Rd3 1/2-1/2

[Event "Pardubice Chladek&Tintera op-A 19th"]
[Site "Pardubice"]
[Date "2008.07.22"]
[Round "5"]
[White "Gutman, Gennadi"]
[Black "Tjurin, Alexander P"]
[Result "1-0"]
[WhiteElo "2497"]
[BlackElo "2340"]
[PlyCount "87"]
[EventDate "2008.07.18"]
[EventType "swiss"]
[EventRounds "9"]
[EventCountry "CZE"]
[SourceTitle "CBM 125 Extra"]
[Source "ChessBase"]
[SourceDate "2008.09.01"]
[SourceVersion "1"]
[SourceVersionDate "2008.09.01"]
[SourceQuality "1"]

1. d4 Nf6 2. c4 e5 3. dxe5 Ng4 4. Bf4 g5 5. Bg3 Nc6 6. Nf3 Bg7 7. h4 Ngxe5 8. Nxe5 Nxe5 9. hxg5 Nxc4 10. Nc3 c6 11. e4 d5 12. Bxc4 dxc4 13. Qxd8+ Kxd8 14. 0-0-0+ Ke8 15. Rh4 Be6 16. Rdh1 Rd8 17. Rxh7 Rxh7 18. Rxh7 Kf8 19. Rh1 Rd3 20. Kc2 b5 21. Rd1 Rxd1 22. Nxd1 Ke7 23. f4 Bg4 24. Ne3 Be2 25. Kd2 Bd3 26. Nf5+ Kf8 27. Nxg7 Kxg7 28. Ke3 Bf1 29. Kf3 a5 30. f5 b4 31. Bc7 a4 32. Bd6 c3 33. Bxb4 c2 34. Bd2 Bc4 35. a3 c5 36. Kf4 Bb5 37. e5 Bc6 38. g4 Bb5 39. Be3 Be2 40. g6 fxg6 41. Kg5 gxf5 42. gxf5 Bf1 43. e6 Bh3 44. Bf4 1-0

[Event "Pardubice Chladek&Tintera op-A 19th"]
[Site "Pardubice"]
[Date "2008.07.21"]
[Round "4"]
[White "Tjurin, Alexander P"]
[Black "Boskovic, Drasko"]
[Result "1-0"]
[WhiteElo "2340"]
[BlackElo "2455"]
[PlyCount "113"]
[EventDate "2008.07.18"]
[EventType "swiss"]
[EventRounds "9"]
[EventCountry "CZE"]
[SourceTitle "CBM 125 Extra"]
[Source "ChessBase"]
[SourceDate "2008.09.01"]
[SourceVersion "1"]
[SourceVersionDate "2008.09.01"]
[SourceQuality "1"]

1. e4 c5 2. Nf3 e6 3. d4 cxd4 4. Nxd4 a6 5. Bd3 Nc6 6. Nxc6 dxc6 7. 0-0 e5 8. Nd2 Bd6 9. a4 a5 10. Nc4 Bc7 11. b3 Ne7 12. Bb2 Ng6 13. Qf3 0-0 14. Rfd1 Qh4 15. Ne3 Be6 16. g3 Qg5 17. Nf5 Bxf5 18. Qxf5 Nh4 19. Qxg5 Nf3+ 20. Kg2 Nxg5 21. f3 Rfd8 22. Bc4 Ne6 23. Bxe6 fxe6 24. Kf1 Kf7 25. Ke2 g6 26. Rxd8 Rxd8 27. Rd1 Rxd1 28. Kxd1 Ke7 29. Ke2 Kd7 30. Kd3 b5 31. c4 bxa4 32. bxa4 Ke7 33. c5 Kf7 34. Bc3 g5 35. Ke2 Kg6 36. Kf2 h5 37. Kg2 Kh6 38. Bd2 Kg6 39. h4 gxh4 40. g4 Bd8 41. Kh3 Bc7 42. Kxh4 Bd8+ 43. Kh3 Bc7 44. Kg2 Bd8 45. Kg3 Bc7 46. Kh3 Bd8 47. Be1 hxg4+ 48. fxg4 Be7 49. Bxa5 Bxc5 50. Bc7 Bd4 51. a5 c5 52. a6 c4 53. Bxe5 Ba7 54. Kg3 Kg5 55. Kf3 Kg6 56. Bf4 c3 57. Ke2 1-0

[Event "Moscow op-A 04th"]
[Site "Moscow"]
[Date "2008.02.05"]
[Round "4"]
[White "Tjurin, Alexander P"]
[Black "Polonsky, Pavel"]
[Result "1-0"]
[WhiteElo "2337"]
[BlackElo "2101"]
[PlyCount "57"]
[EventDate "2008.02.02"]
[EventType "swiss"]
[EventRounds "9"]
[EventCountry "RUS"]
[SourceTitle "CBM 122 Extra"]
[Source "ChessBase"]
[SourceDate "2008.03.04"]
[SourceVersion "1"]
[SourceVersionDate "2008.03.04"]
[SourceQuality "1"]

1. e4 c5 2. Nf3 d6 3. d4 cxd4 4. Nxd4 Nf6 5. Nc3 Nc6 6. g3 g6 7. Bg2 Bg7 8. Nde2 0-0 9. 0-0 Bd7 10. h3 Rc8 11. Be3 a6 12. a4 Qc7 13. g4 e6 14. Qd2 Na5 15. b3 Rfd8 16. Bg5 Bc6 17. Qf4 Qe7 18. Rfd1 Rd7 19. Rd3 e5 20. Qe3 Qd8 21. Rad1 b5 22. axb5 axb5 23. Na2 Nb7 24. Nb4 Qa5 25. c3 Qc7 26. Nxc6 Qxc6 27. b4 Rcc7 28. R3d2 Ne8 29. f4 1-0

[Event "Noyabrsk YANAO-ch"]
[Site "Noyabrsk"]
[Date "2008.01.18"]
[Round "5"]
[White "Tjurin, Alexander P"]
[Black "Potapov, Alexander1111"]
[Result "0-1"]
[WhiteElo "2337"]
[BlackElo "2459"]
[PlyCount "72"]
[EventDate "2008.01.16"]
[EventType "tourn"]
[EventRounds "9"]
[EventCountry "RUS"]
[SourceTitle "EXT 2009"]
[Source "ChessBase"]
[SourceDate "2008.11.26"]
[SourceVersion "1"]
[SourceVersionDate "2008.11.26"]
[SourceQuality "1"]

1. e4 c5 2. Nf3 g6 3. d4 cxd4 4. Nxd4 Bg7 5. Nc3 Nc6 6. Nde2 d6 7. h3 Nf6 8. g3 b5 9. Bg2 Rb8 10. a3 0-0 11. 0-0 a5 12. Be3 Ba6 13. Qd2 a4 14. Nd5 Nd7 15. Rab1 Nde5 16. b3 e6 17. Nb4 Nxb4 18. axb4 Qc7 19. Rfd1 Rfd8 20. Bd4 Rbc8 21. Rdc1 Bb7 22. Qe3 Qd7 23. f4 Bh6 24. Qf2 Nc6 25. Bf6 Re8 26. bxa4 bxa4 27. c4 e5 28. g4 a3 29. g5 Bf8 30. Qe3 a2 31. Rb2 d5 32. Rxa2 Nxb4 33. Ra5 dxc4 34. Bxe5 Nd3 35. Rd1 Bb4 36. Qb6 Qc6 0-1

[Event "Pardubice Czech op"]
[Site "Pardubice"]
[Date "2007.07.24"]
[Round "5"]
[White "Ismagambetov, Anuar"]
[Black "Tjurin, Alexander P"]
[Result "1-0"]
[WhiteElo "2479"]
[BlackElo "2339"]
[PlyCount "79"]
[EventDate "2007.07.20"]
[EventType "swiss"]
[EventRounds "9"]
[EventCountry "CZE"]
[SourceTitle "CBM 119 Extra"]
[Source "ChessBase"]
[SourceDate "2007.09.04"]
[SourceVersion "1"]
[SourceVersionDate "2007.09.04"]
[SourceQuality "1"]

1. e4 e5 2. Nf3 Nc6 3. Bb5 a6 4. Ba4 Nf6 5. Nc3 b5 6. Bb3 Bc5 7. a4 Rb8 8. axb5 axb5 9. d3 d6 10. Nd5 Nxd5 11. Bxd5 Ne7 12. Bb3 0-0 13. c3 Ng6 14. 0-0 Be6 15. Bc2 h6 16. d4 Bb6 17. Be3 Qf6 18. Qd2 Rfd8 19. d5 Bg4 20. Ne1 Rf8 21. Nd3 Nh4 22. f4 Qg6 23. Bxb6 cxb6 24. f5 Qh5 25. Rae1 Nxg2 26. Qxg2 Bh3 27. Qg3 Bxf1 28. Rxf1 Qg5 29. Qxg5 hxg5 30. Nb4 Ra8 31. f6 Kh7 32. Bd3 Ra5 33. Rf5 g6 34. Rxg5 Kh6 35. Rg2 Rfa8 36. Kf2 Ra1 37. Bxb5 Rb1 38. Ke3 Re1+ 39. Kf3 Raa1 40. Nc2 1-0

[Event "Moscow op 03rd"]
[Site "Moscow"]
[Date "2007.02.04"]
[Round "9"]
[White "Tjurin, Alexander P"]
[Black "Novikov, Valeri"]
[Result "1-0"]
[WhiteElo "2344"]
[BlackElo "2212"]
[PlyCount "91"]
[EventDate "2007.01.27"]
[EventType "swiss"]
[EventRounds "9"]
[EventCountry "RUS"]
[SourceTitle "CBM 116 Extra"]
[Source "ChessBase"]
[SourceDate "2007.03.07"]
[SourceVersion "1"]
[SourceVersionDate "2007.03.07"]
[SourceQuality "1"]

1. e4 d6 2. d4 g6 3. Nc3 Bg7 4. g3 Nf6 5. Bg2 c6 6. a4 Qc7 7. Nge2 e5 8. h3 0-0 9. Be3 a5 10. 0-0 Na6 11. Qd2 Re8 12. Rad1 Bd7 13. g4 Rad8 14. Ng3 Bc8 15. d5 Nb4 16. Bg5 Rd7 17. Kh1 cxd5 18. exd5 b6 19. Rc1 Ba6 20. Rfd1 Rde7 21. Nge4 Nxe4 22. Nxe4 Rc8 23. c4 f5 24. gxf5 gxf5 25. Nf6+ Kh8 26. Nh5 Rf7 27. Nxg7 Kxg7 28. Rg1 Rg8 29. f4 h6 30. Bh4 Kh7 31. b3 e4 32. Rcf1 Rg6 33. Kh2 Rfg7 34. Bf2 Nd3 35. Bd4 Rg8 36. Qe3 Qd8 37. Bh1 Qh4 38. Rxg6 Rxg6 39. Bxb6 Rg4 40. Bxe4 fxe4 41. Qxe4+ Rg6 42. Qxd3 Bc8 43. f5 Rg5 44. f6+ Kg8 45. f7+ Kf8 46. Bd8 1-0

[Event "Ymalo Nenetsky AO-ch"]
[Site "Salekhard"]
[Date "2007.01.23"]
[Round "8"]
[White "Rozkov, Viacheslav"]
[Black "Tjurin, Alexander P"]
[Result "0-1"]
[WhiteElo "2281"]
[BlackElo "2344"]
[PlyCount "108"]
[EventDate "2007.01.17"]
[EventType "tourn"]
[EventRounds "9"]
[EventCountry "RUS"]
[EventCategory "1"]
[SourceTitle "EXT 2010"]
[Source "ChessBase"]
[SourceDate "2010.11.25"]
[SourceVersion "1"]
[SourceVersionDate "2010.11.25"]
[SourceQuality "1"]

1. e4 e5 2. Nf3 Nc6 3. Nc3 Nf6 4. Bb5 Bb4 5. 0-0 0-0 6. d3 d6 7. Bg5 Bxc3 8. bxc3 Qe7 9. Re1 Nd8 10. d4 Ne6 11. Bc1 Rd8 12. g3 a6 13. Bf1 b6 14. Bg2 Bb7 15. d5 Nc5 16. Nh4 Bc8 17. h3 h6 18. Nf5 Bxf5 19. exf5 Qd7 20. g4 Re8 21. h4 Nh7 22. Qf3 f6 23. Bd2 Qa4 24. Qd1 Re7 25. Re3 Rae8 26. Rh3 Nd7 27. Qe2 e4 28. Be3 Ne5 29. g5 fxg5 30. hxg5 hxg5 31. Qh5 Nf6 32. Qxg5 Qxc2 33. Bd4 Ned7 34. Rg3 Rf7 35. Bf1 b5 36. a4 bxa4 37. Bxa6 Ne5 38. Bxe5 Rxe5 39. Bc8 Nd7 40. Qd8+ Nf8 41. Be6 Rexf5 42. Bxf7+ Rxf7 43. Rf1 a3 44. Qh4 a2 45. Rh3 Rf6 46. Qh8+ Kf7 47. Qh5+ Kg8 48. Qh8+ Kf7 49. Rg3 Ng6 50. Qa8 Nf4 51. Re3 Rf5 52. Qa7 Nxd5 53. Rg3 e3 54. Qd4 Qxf2+ 0-1

[Event "Ymalo Nenetsky AO-ch"]
[Site "Salekhard"]
[Date "2007.01.21"]
[Round "6"]
[White "Potapov, Pavel"]
[Black "Tjurin, Alexander P"]
[Result "1/2-1/2"]
[WhiteElo "2380"]
[BlackElo "2344"]
[PlyCount "92"]
[EventDate "2007.01.17"]
[EventType "tourn"]
[EventRounds "9"]
[EventCountry "RUS"]
[EventCategory "1"]
[SourceTitle "EXT 2010"]
[Source "ChessBase"]
[SourceDate "2010.11.25"]
[SourceVersion "1"]
[SourceVersionDate "2010.11.25"]
[SourceQuality "1"]

1. e4 e5 2. Nf3 Nc6 3. Bb5 a6 4. Ba4 Nf6 5. 0-0 Be7 6. d3 b5 7. Bb3 d6 8. a4 b4 9. Nbd2 0-0 10. Re1 Rb8 11. h3 Na5 12. Ba2 Be6 13. Bxe6 fxe6 14. Nf1 c5 15. b3 h6 16. Ng3 Nh7 17. Nh2 Bg5 18. Qg4 Qe7 19. Bxg5 Nxg5 20. Ne2 Nc6 21. g3 Nh7 22. f4 Rbe8 23. Rf1 d5 24. Rae1 c4 25. Qf3 Qc5+ 26. Kh1 Nf6 27. Ng4 Nd7 28. Qg2 cxb3 29. cxb3 Qd6 30. fxe5 Ndxe5 31. Nxe5 Nxe5 32. Nf4 d4 33. Qe2 Rc8 34. Rf2 Rc3 35. Ref1 Rxb3 36. Qh5 Rc3 37. g4 Rc5 38. Nxe6 Rxf2 39. Qe8+ Kh7 40. Rxf2 Rc1+ 41. Kg2 Nxd3 42. Nf8+ Kg8 43. Qf7+ Kh8 44. Ng6+ Kh7 45. Nf8+ Kh8 46. Ng6+ Kh7 1/2-1/2

[Event "Ymalo Nenetsky AO-ch"]
[Site "Salekhard"]
[Date "2007.01.20"]
[Round "5"]
[White "Kuznetsov, Viktor2222"]
[Black "Tjurin, Alexander P"]
[Result "1-0"]
[WhiteElo "2430"]
[BlackElo "2344"]
[PlyCount "91"]
[EventDate "2007.01.17"]
[EventType "tourn"]
[EventRounds "9"]
[EventCountry "RUS"]
[EventCategory "1"]
[SourceTitle "EXT 2010"]
[Source "ChessBase"]
[SourceDate "2010.11.25"]
[SourceVersion "1"]
[SourceVersionDate "2010.11.25"]
[SourceQuality "1"]

1. e4 e5 2. Nf3 Nc6 3. Bb5 a6 4. Ba4 Nf6 5. 0-0 Be7 6. Re1 b5 7. Bb3 d6 8. c3 0-0 9. d4 Bg4 10. Be3 d5 11. exd5 exd4 12. Bxd4 Nxd4 13. Qxd4 Bxf3 14. gxf3 Bd6 15. Nd2 Qd7 16. Nf1 Qf5 17. Kg2 Nh5 18. Qg4 Nf4+ 19. Kh1 Qf6 20. Ng3 Nd3 21. Re2 Rae8 22. Rd2 Ne5 23. Qf5 Qh6 24. Rd4 g6 25. Qf6 Nd7 26. Qh4 Qxh4 27. Rxh4 f5 28. Rd4 Kg7 29. Rd2 a5 30. Kg2 Nc5 31. Ne2 Rb8 32. Nd4 a4 33. Bd1 b4 34. cxb4 Rxb4 35. Rc1 Re8 36. a3 Rb6 37. Rc4 Reb8 38. Bxa4 Nxa4 39. Rxa4 Rxb2 40. Rxb2 Rxb2 41. Rc4 Kf6 42. Ne6 Ke5 43. Nxc7 Bxa3 44. Rc6 Rd2 45. Re6+ Kf4 46. Re3 1-0

[Event "Ymalo Nenetsky AO-ch"]
[Site "Salekhard"]
[Date "2007.01.18"]
[Round "2"]
[White "Tjurin, Alexander P"]
[Black "Golovnia, Aleksei"]
[Result "1-0"]
[WhiteElo "2344"]
[BlackElo "2226"]
[PlyCount "81"]
[EventDate "2007.01.17"]
[EventType "tourn"]
[EventRounds "9"]
[EventCountry "RUS"]
[EventCategory "1"]
[SourceTitle "EXT 2010"]
[Source "ChessBase"]
[SourceDate "2010.11.25"]
[SourceVersion "1"]
[SourceVersionDate "2010.11.25"]
[SourceQuality "1"]

1. e4 c5 2. Nf3 e6 3. d4 cxd4 4. Nxd4 a6 5. g3 Nf6 6. Nc3 Qc7 7. Bg2 Nc6 8. 0-0 d6 9. a4 Bd7 10. Nde2 Be7 11. h3 0-0 12. Be3 Rfe8 13. g4 Red8 14. g5 Ne8 15. f4 g6 16. Qe1 Rab8 17. h4 Ng7 18. Ng3 b5 19. axb5 axb5 20. Qe2 b4 21. Nd1 Na5 22. Rf2 Bf8 23. b3 Bb5 24. Qe1 d5 25. exd5 exd5 26. Rd2 d4 27. Rxd4 Rxd4 28. Bxd4 Nc6 29. Be3 Re8 30. Ne4 Rd8 31. Qf2 Rb8 32. Bc5 Bxc5 33. Nxc5 Nh5 34. Na6 Bxa6 35. Rxa6 Ne7 36. Ra7 Qd6 37. Ne3 Nc8 38. Ra1 Nxf4 39. Rf1 Nh5 40. Qxf7+ Kh8 41. Qe8+ 1-0

[Event "Pardubice op-A"]
[Site "Pardubice"]
[Date "2006.07.28"]
[Round "8"]
[White "Tjurin, Alexander P"]
[Black "Sofronie, Iulian"]
[Result "1/2-1/2"]
[WhiteElo "2344"]
[BlackElo "2410"]
[PlyCount "73"]
[EventDate "2006.07.21"]
[EventType "swiss"]
[EventRounds "9"]
[EventCountry "CZE"]
[SourceTitle "CBM 113 Extra"]
[Source "ChessBase"]
[SourceDate "2006.09.14"]
[SourceVersion "1"]
[SourceVersionDate "2006.09.14"]
[SourceQuality "1"]

1. e4 e5 2. Nf3 Nc6 3. Bc4 Nf6 4. Ng5 d5 5. exd5 Nd4 6. c3 b5 7. Bf1 Nxd5 8. cxd4 Qxg5 9. Bxb5+ Kd8 10. Qf3 Bb7 11. 0-0 exd4 12. d3 Qe5 13. Na3 Bd6 14. Qh3 Nf6 15. f4 Qe2 16. Nc4 Bc8 17. f5 Bd7 18. Bxd7 Kxd7 19. Bf4 Bxf4 20. Rxf4 Rad8 21. Rf2 Qe7 22. Qf3 Qc5 23. Rc1 Rhe8 24. Qg3 Kc8 25. Rfc2 Rd7 26. Qxg7 Qe7 27. Qg3 Nd5 28. Qf3 Qg5 29. Rf1 h5 30. b4 Qg4 31. a3 f6 32. Qxg4 hxg4 33. Kf2 Ne3 34. Re1 g3+ 35. hxg3 Ng4+ 36. Kf1 Nh2+ 37. Kf2 1/2-1/2

[Event "Moscow Aeroflot op-C"]
[Site "Moscow"]
[Date "2006.02.13"]
[Round "7"]
[White "Tjurin, Alexander P"]
[Black "Tsiganova, Monika"]
[Result "1-0"]
[WhiteElo "2344"]
[BlackElo "2267"]
[PlyCount "107"]
[EventDate "2006.02.07"]
[EventType "swiss"]
[EventRounds "9"]
[EventCountry "RUS"]
[SourceTitle "EXT 2007"]
[Source "ChessBase"]
[SourceDate "2006.11.23"]
[SourceVersion "1"]
[SourceVersionDate "2006.11.23"]
[SourceQuality "1"]

1. e4 c5 2. Nf3 d6 3. d4 cxd4 4. Nxd4 Nf6 5. Nc3 a6 6. h3 e6 7. g4 Be7 8. Bg2 Qc7 9. 0-0 0-0 10. a4 Nc6 11. Nde2 Ne5 12. b3 Bd7 13. Be3 Rac8 14. a5 d5 15. Bb6 Qb8 16. f4 Ng6 17. exd5 Nxd5 18. Nxd5 exd5 19. c4 Bf6 20. Rc1 Rfe8 21. Bxd5 Bc6 22. Rc2 h6 23. Qd3 Ne7 24. Bxc6 Nxc6 25. Rd2 Bd8 26. Rfd1 Bc7 27. Qf5 g6 28. Qf6 Re6 29. Qc3 Rce8 30. Qf3 Nxa5 31. Bf2 Re4 32. Kf1 b5 33. c5 b4 34. Rc2 Qb5 35. Qd3 Qc6 36. f5 gxf5 37. gxf5 Qf6 38. Qf3 Nc6 39. Rd7 Bb8 40. Rcd2 Kh7 41. Qh5 R8e7 42. Rxe7 Nxe7 43. Rd7 Be5 44. Qf3 Rxe2 45. Kxe2 Nxf5 46. Qe4 Qe6 47. Rd5 f6 48. c6 Kg7 49. Rd7+ Kh8 50. Rd8+ Kg7 51. Qg4+ Kh7 52. Qe4 Kg7 53. c7 Ne7 54. Qg4+ 1-0